Online
Catalog

Colibríes en el exilio / (Record no. 4910)

MARC details
000 -CABECERA
campo de control de longitud fija 00655cam a2200205 a 4500
001 - NÚMERO DE CONTROL
campo de control 000005107
005 - FECHA Y HORA DE LA ÚLTIMA TRANSACCIÓN
campo de control 20200929151600.0
008 - DATOS DE LONGITUD FIJA--INFORMACIÓN GENERAL
campo de control de longitud fija 971030s1997 ec 001 p spa d
020 ## - NÚMERO INTERNACIONAL ESTÁNDAR DEL LIBRO
Número Internacional Estándar del Libro 9978871683
035 ## - NÚMERO DE CONTROL DEL SISTEMA
Número de control de sistema (DLC) 97210414
040 ## - FUENTE DE LA CATALOGACIÓN
Centro catalogador/agencia de origen DO-SdBNP
Lengua de catalogación spa
Centro/agencia transcriptor BNPHU
082 ## - NÚMERO DE LA CLASIFICACIÓN DECIMAL DEWEY
Número de clasificación E861.44
Número de documento/Ítem G662c
100 1# - ENTRADA PRINCIPAL--NOMBRE DE PERSONA
Nombre de persona Gordon-Vailakis, Ivón
9 (RLIN) 14641
245 10 - MENCIÓN DE TÍTULO
Título Colibríes en el exilio /
Mención de responsabilidad, etc. Ivón Gordon Vailakis ; ilustración Mirta González.
260 ## - PUBLICACIÓN, DISTRIBUCIÓN, ETC.
Lugar de publicación, distribución, etc. Quito, Ecuador :
Nombre del editor, distribuidor, etc. El Conejo,
Fecha de publicación, distribución, etc. 1997.
300 ## - DESCRIPCIÓN FÍSICA
Extensión 73 p. ;
Dimensiones 20 cm.
650 #4 - PUNTO DE ACCESO ADICIONAL DE MATERIA--TÉRMINO DE MATERIA
Término de materia o nombre geográfico como elemento de entrada Poesía ecuatoriana
9 (RLIN) 13387
650 #4 - PUNTO DE ACCESO ADICIONAL DE MATERIA--TÉRMINO DE MATERIA
Término de materia o nombre geográfico como elemento de entrada Literatura ecuatoriana
Subdivisión cronológica SIGLO XX
9 (RLIN) 14420
700 1# - PUNTO DE ACCESO ADICIONAL--NOMBRE DE PERSONA
Nombre de persona González, Mirta,
Término indicativo de función/relación il.
9 (RLIN) 14642
Holdings
Estado de retiro Estado de pérdida Restricciones de uso No para préstamo Código de colección Localización permanente Ubicación/localización actual Ubicación en estantería Fecha de adquisición Número de inventario Total de préstamos Signatura topográfica completa Código de barras Fecha visto por última vez Precio válido a partir de Tipo de ítem Koha Número de copia
      Excluido de préstamo Monografías: Libros y Folletos General General Depósito 29.07.2009 LF1   E861.44 G662c 5107-10 25.06.2020 25.06.2020 No se presta  
  Extraviado   Excluido de préstamo Monografías: Libros y Folletos General General Extraviado 02.06.2017 LF1   E861.44 G662c 5107-20 25.06.2020 25.06.2020 No se presta e. 2

Powered by Koha